| 000 | 00611nam a2200205 i 4500 | ||
|---|---|---|---|
| 001 | bg | ||
| 100 | 1 | _aGUTKOWSKI, Bogdan | |
| 245 | 1 | 0 |
_aAktualne przepisy w ochronie środowiska : _bsuplement 1/98 / _c[Bogdan Gutkowski] ; Agencja Ochrony Środowiska w Koszalinie. |
| 260 |
_aKoszalin : _bAOŚ, _c1998. |
||
| 300 |
_a86 s. ; _c30 cm. |
||
| 500 | _aVerso kart nie zadrukowane. | ||
| 650 | 9 |
_aŚrodowisko człowieka _xochrona _xprawo |
|
| 020 | _a8390925001 | ||
| 040 | _cBPK | ||
| 041 | 0 | _apl | |
| 080 | _a504:349.6 | ||
| 920 | _a83-909250-0-1 | ||
| 942 | _cKS | ||
| 008 | s pl f |000 0 pol | ||
| 999 |
_c32477 _d32477 |
||
| 856 |
_uhttp://koha.tu.koszalin.pl/cgi-bin/koha/opac-detail.pl?biblionumber=32477 _yKatalog online BPK |
||